The Art of War / (Record no. 11371)
[ view plain ]
| 000 -LEADER | |
|---|---|
| fixed length control field | 00624nam a2200241 a 4500 |
| 001 - CONTROL NUMBER | |
| JCCL Control Number | 11371 |
| 003 - CONTROL NUMBER IDENTIFIER | |
| JCCL marc code | BD-JhCC |
| 005 - DATE AND TIME OF LATEST TRANSACTION | |
| control field | 20191029134018.0 |
| 008 - FIXED-LENGTH DATA ELEMENTS--GENERAL INFORMATION | |
| fixed length control field | 190902s19812006uk |||| ||a| 001 0 eng d |
| 020 ## - INTERNATIONAL STANDARD BOOK NUMBER | |
| International Standard Book Number | 9780340937846 |
| 035 ## - SYSTEM CONTROL NUMBER | |
| system control number | (BD-JhCC)11371 |
| 040 ## - CATALOGING SOURCE | |
| Original cataloging agency | BD-JhCC |
| Modifying agency | BD-JhCC |
| 041 ## - LANGUAGE CODE | |
| Language code of Book | eng |
| 082 ## - DEWEY DECIMAL CLASSIFICATION NUMBER | |
| Classification number | 355.02 |
| Author mark and Year | TZU 2006 |
| 100 ## - MAIN ENTRY--PERSONAL NAME | |
| Personal name | Tzu, Sun |
| 245 ## - TITLE STATEMENT | |
| Title | The Art of War / |
| Statement of responsibility, etc | Sun Tzu and foreword by James Clavell |
| 260 ## - PUBLICATION, DISTRIBUTION, ETC. (IMPRINT) | |
| Place of publication, distribution, etc | London : |
| Name of publisher, distributor, etc | Hodder Mobius, |
| Date of publication, distribution, etc | 2006. |
| 300 ## - PHYSICAL DESCRIPTION | |
| Pagination | 102 p. : |
| Dimensions | 20 cm. |
| 650 ## - SUBJECT ADDED ENTRY--TOPICAL TERM | |
| Topical term or geographic name as entry element | Military Art and Science |
| 700 ## - ADDED ENTRY--PERSONAL NAME | |
| Personal name | Clavell, James |
| 942 ## - ADDED ENTRY ELEMENTS (KOHA) | |
| Source of classification or shelving scheme | Dewey Decimal Classification |
| Koha item type | Books |
| Koha issues (borrowed), all copies | 3 |
| Source of classification or shelving scheme | Damaged status | Not for loan | Home library | Current library | Shelving location | Date of accession | Cost, normal purchase price | Total Checkouts | Total Renewals | Full call number | Barcode | Date last seen | Date checked out | Copy number | Koha item type |
|---|---|---|---|---|---|---|---|---|---|---|---|---|---|---|---|
| Dewey Decimal Classification | JCC Rouf Library | JCC Rouf Library | General Stacks | 06/02/2019 | 405.00 | 2 | 355.02 TZU 2006 | 15622 | 10/28/2019 | 10/28/2019 | C-1 | Books |